[Event "Cusco zt 2.4"]
[Site "Cusco"]
[Date "2025.02.02"]
[Round "9"]
[White "Levano Loayza, Adriano Jaffet"]
[Black "Sanchez Sanchez, Leonardo Daniel"]
[Result "1-0"]
[WhiteElo "1980"]
[BlackElo "1670"]
[PlyCount "55"]
[EventDate "2025.01.28"]
[EventType "swiss"]
[EventRounds "9"]
[EventCountry "PER"]
[SourceTitle "CB06_2025"]
[SourceDate "2025.02.05"]
[SourceVersion "1"]
[SourceVersionDate "2025.02.05"]
[SourceQuality "1"]

1. d4 f5 2. Nf3 Nf6 3. g3 e6 4. Bg2 d5 5. 0-0 Bd6 6. c4 c6 7. b3 0-0 8. Ba3 Bxa3 9. Nxa3 Nbd7 10. Qc2 Qa5 11. Nb1 Ne4 12. Nbd2 h6 13. e3 g5 14. Nxe4 dxe4 15. Nd2 e5 16. g4 exd4 17. exd4 Qb6 18. gxf5 Qxd4 19. Nxe4 Nf6 20. Ng3 h5 21. Rad1 Qf4 22. Qc3 h4 23. Rd4 Qc7 24. Ne4 Ng4 25. Nd6 Bxf5 26. Qd2 Nh6 27. Qxg5+ Kh7 28. Re1 1-0

[Event "Cusco zt 2.4"]
[Site "Cusco"]
[Date "2025.02.01"]
[Round "7"]
[White "Rodriguez Tinco, Percy"]
[Black "Sanchez Sanchez, Leonardo Daniel"]
[Result "1/2-1/2"]
[WhiteElo "1881"]
[BlackElo "1670"]
[PlyCount "94"]
[EventDate "2025.01.28"]
[EventType "swiss"]
[EventRounds "9"]
[EventCountry "PER"]
[SourceTitle "CB06_2025"]
[SourceDate "2025.02.05"]
[SourceVersion "1"]
[SourceVersionDate "2025.02.05"]
[SourceQuality "1"]

1. d4 f5 2. e4 fxe4 3. Nc3 Nf6 4. Bg5 g6 5. f3 exf3 6. Nxf3 Bg7 7. Bc4 c6 8. Qe2 d5 9. Bb3 0-0 10. 0-0 Bg4 11. h3 Bxf3 12. Rxf3 Qb6 13. Rd1 Nbd7 14. Bxf6 exf6 15. Qe6+ Rf7 16. Na4 Qa5 17. c4 Nf8 18. Qe2 Rd8 19. cxd5 cxd5 20. Nc5 f5 21. Re3 Bxd4 22. Rxd4 Qxc5 23. Qd2 Kg7 24. Kh1 Rfd7 25. Re5 Kf6 26. Rexd5 Rxd5 27. Rxd5 Rxd5 28. Bxd5 b6 29. b4 Qd6 30. Qd4+ Qe5 31. Qh4+ g5 32. Qc4 Ne6 33. Qc6 g4 34. hxg4 fxg4 35. g3 Ke7 36. Qb7+ Qc7 37. Qxc7+ Nxc7 38. Be4 h6 39. Bf5 Nd5 40. Bxg4 Nxb4 41. a4 Kf6 42. Kg2 Nd5 43. Bd7 Ke5 44. Kh3 Nf6 45. Bc6 a6 46. Kh4 a5 47. Bb5 Kf5 1/2-1/2

[Event "Cusco zt 2.4"]
[Site "Cusco"]
[Date "2025.01.30"]
[Round "5"]
[White "Cardenas Lima, Vincent Matias"]
[Black "Sanchez Sanchez, Leonardo Daniel"]
[Result "0-1"]
[WhiteElo "1914"]
[BlackElo "1670"]
[PlyCount "114"]
[EventDate "2025.01.28"]
[EventType "swiss"]
[EventRounds "9"]
[EventCountry "PER"]
[SourceTitle "CB06_2025"]
[SourceDate "2025.02.05"]
[SourceVersion "1"]
[SourceVersionDate "2025.02.05"]
[SourceQuality "1"]

1. b3 f5 2. Bb2 e6 3. e3 Nf6 4. Nf3 Be7 5. d4 c6 6. Bd3 d5 7. 0-0 0-0 8. Ba3 Ne4 9. Bxe7 Qxe7 10. c4 Nd7 11. Nfd2 Ndf6 12. f3 Nd6 13. c5 Nf7 14. f4 b6 15. b4 a5 16. a4 Nd7 17. cxb6 Qxb4 18. Qc2 Qxb6 19. Rc1 Bb7 20. Na3 Rac8 21. Rab1 Qa7 22. Nb3 Ba6 23. Bxa6 Qxa6 24. Nc5 Nxc5 25. Qxc5 Rfd8 26. Rb6 Qe2 27. Qc3 Nd6 28. Re1 Ne4 29. Rxe2 Nxc3 30. Rc2 Nxa4 31. Rbxc6 Rxc6 32. Rxc6 Kf7 33. Rc7+ Kf6 34. Ra7 Nc3 35. Rxa5 Rb8 36. h4 Rb2 37. Rc5 Nd1 38. Nc2 Rb3 39. Ne1 Nxe3 40. Nf3 Rb2 41. Ne5 Rxg2+ 42. Kh1 Rc2 43. Rxc2 Nxc2 44. Nc6 Kf7 45. Kg1 Ke8 46. Kf2 Kd7 47. Ne5+ Kd6 48. Nf3 Nb4 49. Ke3 Nc6 50. Kd3 Ke7 51. Ke3 Kf6 52. h5 Nd8 53. Ng5 h6 54. Nf3 Nf7 55. Nh4 Nd6 56. Ng6 Ne4 57. Kf3 Kf7 0-1

[Event "South America-ch 2nd"]
[Site "Coliseo Miguel Grau"]
[Date "2024.08.03"]
[Round "9"]
[White "Sanchez Sanchez, Leonardo Daniel"]
[Black "Moscoso Tellez, Joe Goldtie Marshal"]
[Result "1/2-1/2"]
[WhiteElo "1556"]
[BlackElo "1527"]
[PlyCount "40"]
[EventDate "2024.07.29"]
[EventType "swiss"]
[EventRounds "9"]
[EventCountry "PER"]
[SourceTitle "EXT 2025"]
[Source "ChessBase"]
[SourceDate "2024.10.14"]
[SourceVersion "1"]
[SourceVersionDate "2024.10.14"]
[SourceQuality "1"]

1. b3 d5 2. Bb2 Bg4 3. f3 Bh5 4. Nh3 e6 5. Nf4 Bg6 6. g3 Nf6 7. d4 Bd6 8. Nd3 Nbd7 9. Bg2 0-0 10. 0-0 Rc8 11. e3 b6 12. c4 c5 13. cxd5 exd5 14. Ne5 cxd4 15. exd4 Re8 16. f4 Bc2 17. Qf3 Be4 18. Qd1 Bc2 19. Qf3 Be4 20. Qd1 Bc2 1/2-1/2

[Event "South America-ch 2nd"]
[Site "Coliseo Miguel Grau"]
[Date "2024.07.31"]
[Round "5"]
[White "Sanchez Sanchez, Leonardo Daniel"]
[Black "Fernandez Monteza, Fabian Arturo"]
[Result "0-1"]
[WhiteElo "1556"]
[BlackElo "1691"]
[PlyCount "70"]
[EventDate "2024.07.29"]
[EventType "swiss"]
[EventRounds "9"]
[EventCountry "PER"]
[SourceTitle "EXT 2025"]
[Source "ChessBase"]
[SourceDate "2024.10.14"]
[SourceVersion "1"]
[SourceVersionDate "2024.10.14"]
[SourceQuality "1"]

1. b3 d5 2. Bb2 Bg4 3. h3 Bh5 4. Nf3 Bxf3 5. exf3 e6 6. g3 Nf6 7. Bg2 c5 8. 0-0 Bd6 9. d3 Nc6 10. f4 0-0 11. Nd2 e5 12. fxe5 Bxe5 13. Bxe5 Nxe5 14. f4 Nc6 15. Nf3 Qd6 16. Qd2 d4 17. Rae1 Nd5 18. Rf2 Ne3 19. Bh1 Qg6 20. g4 Qh6 21. Bg2 Rfe8 22. c3 Qd6 23. cxd4 cxd4 24. Rfe2 Re7 25. Nxd4 Qxd4 26. Rxe3 Rae8 27. Kf2 Qxf4+ 28. Bf3 Nd4 29. Qc1 h6 30. Rxe7 Qxf3+ 31. Kg1 Qg3+ 32. Kf1 Qxh3+ 33. Kf2 Qh4+ 34. Ke3 Rxe7+ 35. Kxd4 Qxe1 0-1

[Event "Pan American-ch School U13 12th"]
[Site "Callao"]
[Date "2023.10.21"]
[Round "9"]
[White "Sanchez Sanchez, Leonardo Daniel"]
[Black "Choque Aparco, Esteban Abel"]
[Result "1/2-1/2"]
[WhiteElo "1413"]
[BlackElo "1277"]
[PlyCount "29"]
[EventDate "2023.10.16"]
[EventType "swiss"]
[EventRounds "9"]
[EventCountry "PER"]
[SourceTitle "CBM 217 Extra"]
[Source "ChessBase"]
[SourceDate "2024.01.31"]
[SourceVersion "1"]
[SourceVersionDate "2024.01.31"]
[SourceQuality "1"]

1. b3 d5 2. Bb2 Nf6 3. Nf3 Bf5 4. g3 e6 5. Nh4 Be4 6. f3 Bg6 7. Nxg6 hxg6 8. Bg2 Nbd7 9. c4 c6 10. d4 Qc7 11. cxd5 Nxd5 12. Qd3 Rxh2 13. Kf2 Rxh1 14. Bxh1 c5 15. Na3 1/2-1/2

[Event "Pan American-ch School U13 12th"]
[Site "Callao"]
[Date "2023.10.17"]
[Round "3"]
[White "Sanchez Sanchez, Leonardo Daniel"]
[Black "Marcelo Poma, Jaden Eduardo"]
[Result "1/2-1/2"]
[WhiteElo "1413"]
[BlackElo "1219"]
[PlyCount "67"]
[EventDate "2023.10.16"]
[EventType "swiss"]
[EventRounds "9"]
[EventCountry "PER"]
[SourceTitle "CBM 217 Extra"]
[Source "ChessBase"]
[SourceDate "2024.01.31"]
[SourceVersion "1"]
[SourceVersionDate "2024.01.31"]
[SourceQuality "1"]

1. b3 d5 2. Bb2 Nf6 3. Nf3 e6 4. e3 Bd6 5. c4 0-0 6. Be2 dxc4 7. bxc4 b6 8. 0-0 Bb7 9. Nc3 c5 10. d4 Nbd7 11. Rc1 Ne4 12. Nxe4 Bxe4 13. Nd2 Bb7 14. Bf3 Bxf3 15. Qxf3 Qf6 16. Qxf6 Nxf6 17. dxc5 Bxc5 18. Bxf6 gxf6 19. Rfd1 Rfd8 20. Nb3 Rac8 21. g3 Rxd1+ 22. Rxd1 Ba3 23. Rd7 a5 24. Rb7 Rxc4 25. Rxb6 Bb4 26. Nd4 Rc1+ 27. Kg2 Kg7 28. Nc6 Be1 29. Nd4 e5 30. Rc6 Rb1 31. Nf5+ Kg6 32. Nh4+ Kg7 33. Nf5+ Kg6 34. Nh4+ 1/2-1/2

[Event "South America-ch"]
[Site "Lima"]
[Date "2023.09.21"]
[Round "8"]
[White "Sanchez Sanchez, Leonardo Daniel"]
[Black "Nunez Villazana, Norbil Marco"]
[Result "1-0"]
[WhiteElo "1233"]
[BlackElo "1930"]
[PlyCount "65"]
[EventDate "2023.09.14"]
[EventType "swiss"]
[EventRounds "9"]
[EventCountry "PER"]
[SourceTitle "CBM 216 Extra"]
[Source "ChessBase"]
[SourceDate "2023.11.30"]
[SourceVersion "1"]
[SourceVersionDate "2023.11.30"]
[SourceQuality "1"]

1. b3 e5 2. Bb2 Nc6 3. e3 Nf6 4. Nf3 e4 5. Nd4 Nxd4 6. Bxd4 d5 7. c4 c5 8. Bxf6 Qxf6 9. Nc3 d4 10. Nxe4 Qe5 11. Ng3 h5 12. Qf3 Be7 13. Qd5 Qc7 14. exd4 cxd4 15. Bd3 Be6 16. Qf3 0-0-0 17. h3 h4 18. Ne2 Rh6 19. 0-0 Qa5 20. Be4 Rf6 21. Qd3 g5 22. f4 gxf4 23. Nxf4 Rg8 24. Nd5 Rxf1+ 25. Rxf1 Bd6 26. a4 Kb8 27. Kh1 Be5 28. Qe2 Rg5 29. Bf5 Bg7 30. Bxe6 fxe6 31. Qxe6 a6 32. Qe8+ Ka7 33. b4 1-0

[Event "PER-ch"]
[Site "Lima"]
[Date "2023.09.03"]
[Round "8"]
[White "Sanchez Sanchez, Leonardo Daniel"]
[Black "Pezo Flores, Ramiro Golber"]
[Result "0-1"]
[WhiteElo "1136"]
[BlackElo "1515"]
[PlyCount "66"]
[EventDate "2023.08.29"]
[EventType "swiss"]
[EventRounds "9"]
[EventCountry "PER"]
[SourceTitle "CBM 216 Extra"]
[Source "ChessBase"]
[SourceDate "2023.11.30"]
[SourceVersion "1"]
[SourceVersionDate "2023.11.30"]
[SourceQuality "1"]

1. b3 c5 2. Nf3 Nc6 3. Bb2 d5 4. e3 Bg4 5. Bb5 Nf6 6. h3 Bh5 7. g4 Bg6 8. Ne5 Rc8 9. h4 h5 10. Bxc6+ bxc6 11. Nxg6 fxg6 12. g5 Nd7 13. f4 e6 14. c4 Qe7 15. Qc2 Qf7 16. Na3 Bd6 17. 0-0-0 0-0 18. Kb1 a5 19. d3 Rb8 20. Rhf1 a4 21. d4 axb3 22. axb3 cxd4 23. exd4 Bb4 24. Qd3 Rb7 25. Nc2 Ba5 26. Ba3 Rfb8 27. b4 Bxb4 28. Nxb4 Rxb4+ 29. Bxb4 Rxb4+ 30. Ka2 Nb6 31. Qa3 Ra4 32. Qxa4 Nxa4 33. Kb3 Nb6 0-1

[Event "PER-ch"]
[Site "Lima"]
[Date "2023.08.30"]
[Round "3"]
[White "Riojas Rebata, Oswaldo Andre"]
[Black "Sanchez Sanchez, Leonardo Daniel"]
[Result "1/2-1/2"]
[WhiteElo "1438"]
[BlackElo "1136"]
[PlyCount "61"]
[EventDate "2023.08.29"]
[EventType "swiss"]
[EventRounds "9"]
[EventCountry "PER"]
[SourceTitle "CBM 216 Extra"]
[Source "ChessBase"]
[SourceDate "2023.11.30"]
[SourceVersion "1"]
[SourceVersionDate "2023.11.30"]
[SourceQuality "1"]

1. e4 c6 2. d4 d5 3. exd5 cxd5 4. Nf3 Nc6 5. Nbd2 Bg4 6. Be2 e6 7. 0-0 Bd6 8. Re1 Nf6 9. c3 0-0 10. Ne5 Bxe5 11. Bxg4 Bd6 12. Bf3 b5 13. b3 b4 14. Bb2 bxc3 15. Bxc3 Qb6 16. Nf1 Bb4 17. Re3 Bxc3 18. Rxc3 Nxd4 19. Rac1 Nxf3+ 20. Qxf3 Ne4 21. Rc6 Qd4 22. Ng3 Nxg3 23. Qxg3 a5 24. a4 Qb4 25. R6c3 Rab8 26. Qe5 Qa3 27. Qe3 d4 28. Qxd4 Rxb3 29. Rc8 Rb8 30. R8c3 Rb3 31. Rc8 1/2-1/2